| 000 | 00358cam a2200157ua 4500 | ||
|---|---|---|---|
| 041 |
_ahin _h |
||
| 082 |
_a891.54 _bPRE/SE |
||
| 100 | _aPremchand, . | ||
| 245 |
_aSevasadan / _cPremchand. _hTextual Documents |
||
| 250 |
_a1 / _b. |
||
| 260 |
_a : _bSaraswathi press , _c1966. |
||
| 300 | _a252 ; . | ||
| 504 | _a | ||
| 942 | _cBK | ||
| 999 |
_c11622 _d11622 |
||